000
00272nam a22001217a 4500
008
230620b xxu||||| |||| 00| 0 eng d
020
_a
189947742X
082
_a
323
_b
AFR 2002
245
_a
Tribute to Courage
260
_a
Rwanda
_c
2002
300
_a
299p
942
_2
ddc
_c
BK
999
_c
1832
_d
1832